[Event "FIDE Online Olympiad"]
[Site "Chess.com"]
[Date "2020.08.21"]
[EventDate "2020.08.21"]
[Round "3"]
[Result "1-0"]
[White "Gadir Guseinov"]
[Black "Daniel Barrish"]
[WhiteElo "2692"]
[BlackElo "2183"]
[Source "Chess-Results"]
[PlyCount "61"]

1. e4 c5 2. Nc3 Nc6 3. Bb5 Nd4 4. Nf3 Nxb5 5. Nxb5 d5 6. exd5
Nf6 7. c4 a6 8. Nc3 e6 9. dxe6 Bxe6 10. b3 Qd3 11. Qe2 O-O-O
12. Qxd3 Rxd3 13. Bb2 Be7 14. h3 Rhd8 15. O-O-O Nh5 16. Ne5
R3d4 17. Na4 Re4 18. Rhe1 Rxe1 19. Rxe1 Nf4 20. g3 Nd3+
21. Nxd3 Rxd3 22. Bxg7 Rf3 23. Re2 Kd7 24. Bh6 Bxh3 25. Nb6+
Kd8 26. Nd5 Be6 27. Nxe7 Kxe7 28. Be3 Rf5 29. g4 Re5 30. f4
Bxg4 31. Bxc5+ 1-0

[Event "FIDE Online Olympiad"]
[Site "Chess.com"]
[Date "2020.08.21"]
[EventDate "2020.08.21"]
[Round "3"]
[Result "1-0"]
[White "Ulviyya Hasil Fataliyeva"]
[Black "Rebecca Selkirk"]
[WhiteElo "2310"]
[BlackElo "1799"]
[Source "Chess-Results"]
[PlyCount "51"]

1. b3 d5 2. Bb2 c5 3. Nf3 Nc6 4. g3 Nf6 5. Bg2 Bf5 6. O-O e6
7. d3 Bd6 8. Nbd2 O-O 9. Re1 e5 10. e4 dxe4 11. dxe4 Bg6
12. Nc4 Nd4 13. Nfxe5 Bxe5 14. Nxe5 Qc7 15. Nxg6 hxg6 16. e5
Nd7 17. Bxd4 cxd4 18. Qxd4 Rfe8 19. f4 Rad8 20. Qf2 g5 21. Re2
Qc3 22. Rae1 gxf4 23. gxf4 Nf8 24. f5 b6 25. Re3 Qa5 26. Qh4
1-0

[Event "FIDE Online Olympiad"]
[Site "Chess.com"]
[Date "2020.08.21"]
[EventDate "2020.08.21"]
[Round "3"]
[Result "1-0"]
[White "Govhar Beydullayeva"]
[Black "Nina Marais"]
[WhiteElo "1924"]
[BlackElo "1685"]
[Source "Chess-Results"]
[PlyCount "53"]

1. Nf3 Nf6 2. c4 g6 3. Nc3 Bg7 4. e4 c6 5. d4 d5 6. e5 Ng8
7. cxd5 cxd5 8. Qb3 e6 9. Nb5 Bf8 10. Bg5 Qd7 11. Be2 a6
12. Nc3 Nc6 13. O-O Bg7 14. Na4 f6 15. Nb6 Qd8 16. exf6 Nxf6
17. Nxa8 b5 18. a4 b4 19. a5 Qd6 20. Nb6 O-O 21. Nxc8 Rxc8
22. Bxa6 Rf8 23. Bxf6 Bxf6 24. Qd3 Bd8 25. Bb5 Ne7 26. a6 Bc7
27. Ne5 1-0

[Event "FIDE Online Olympiad"]
[Site "Chess.com"]
[Date "2020.08.21"]
[EventDate "2020.08.21"]
[Round "3"]
[Result "1-0"]
[White "Vladimir Onischuk"]
[Black "Marc Andria Maurizzi"]
[WhiteElo "2714"]
[BlackElo "2186"]
[Source "Chess-Results"]
[PlyCount "59"]

1. e4 c5 2. Ne2 Nc6 3. Nbc3 Nf6 4. g3 e6 5. Bg2 d5 6. exd5
exd5 7. d4 cxd4 8. Nxd4 Bc5 9. Nb3 Bb6 10. O-O O-O 11. Nxd5
Nxd5 12. Bxd5 Nb4 13. c4 Nxd5 14. cxd5 Bh3 15. Re1 Qf6 16. Be3
Bxe3 17. Rxe3 Qxb2 18. g4 f5 19. Rxh3 fxg4 20. Qxg4 Qxf2+
21. Kh1 Rae8 22. Rg1 Rf7 23. Qg2 Qf4 24. Nc5 g6 25. Ne6 Qe5
26. Rg3 Rf6 27. Rg5 Qe3 28. Rg4 Rf2 29. Rxg6+ hxg6 30. Qxg6+
1-0

[Event "FIDE Online Olympiad"]
[Site "Chess.com"]
[Date "2020.08.21"]
[EventDate "2020.08.21"]
[Round "3"]
[Result "1-0"]
[White "Nataliya Buksa"]
[Black "Anaelle Afraoui"]
[WhiteElo "2213"]
[BlackElo "1966"]
[Source "Chess-Results"]
[PlyCount "49"]

1. e4 d6 2. d4 Nf6 3. Nc3 g6 4. Bg5 Bg7 5. e5 Nfd7 6. f4 O-O
7. h4 h6 8. h5 hxg5 9. hxg6 Nb6 10. Qh5 fxg6 11. Qh7+ Kf7
12. Bd3 Rh8 13. Qxg6+ Kf8 14. Rxh8+ Bxh8 15. Nf3 Qe8 16. Qxg5
Qf7 17. O-O-O Bd7 18. Rh1 Bg7 19. f5 Bc6 20. Nh4 dxe5 21. dxe5
Bxe5 22. Ng6+ Ke8 23. Nxe5 Qf8 24. Qg6+ Kd8 25. Rh8 1-0

[Event "FIDE Online Olympiad"]
[Site "Chess.com"]
[Date "2020.08.21"]
[EventDate "2020.08.21"]
[Round "3"]
[Result "1-0"]
[White "Viktor Matviishen"]
[Black "Theo Bressy"]
[WhiteElo "2430"]
[BlackElo "2180"]
[Source "Chess-Results"]
[PlyCount "79"]

1. d4 d5 2. c4 c6 3. Nc3 Nf6 4. Nf3 dxc4 5. a4 Bf5 6. e3 e6
7. Bxc4 Bb4 8. O-O O-O 9. Qe2 Bg4 10. h3 Bh5 11. Rd1 Nbd7
12. e4 Qc7 13. g4 Bg6 14. Nh4 Bxc3 15. Nxg6 hxg6 16. bxc3 e5
17. Ba3 Rfe8 18. g5 Nh5 19. Bxf7+ Kh7 20. Bxe8 Rxe8 21. Qg4
Nb6 22. a5 Nc4 23. Bb4 b5 24. a6 Nf4 25. d5 c5 26. Ba3 Qd6
27. Bc1 Rf8 28. Be3 Rf7 29. Rab1 b4 30. cxb4 cxb4 31. Rdc1
Qxa6 32. Bxf4 Rxf4 33. Qe2 Qc8 34. Rb3 Qd8 35. Rxc4 Qxg5+
36. Rg3 Qe7 37. Rc6 b3 38. Rcxg6 Rf7 39. Qh5+ Kg8 40. Rh6 1-0

[Event "FIDE Online Olympiad"]
[Site "Chess.com"]
[Date "2020.08.21"]
[EventDate "2020.08.21"]
[Round "3"]
[Result "1-0"]
[White "Viktor Gazik"]
[Black "Simen Agdestein"]
[WhiteElo "2438"]
[BlackElo "2522"]
[Source "Chess-Results"]
[PlyCount "71"]

1. e4 c5 2. Nf3 Nc6 3. d3 e6 4. g3 d5 5. Nbd2 g6 6. Bg2 Bg7
7. O-O Nf6 8. Re1 O-O 9. c3 b6 10. e5 Nd7 11. d4 cxd4 12. cxd4
f6 13. exf6 Qxf6 14. Nb3 a5 15. Bg5 Qf7 16. Rc1 Bb7 17. a4 h6
18. Be3 Rac8 19. h4 Kh7 20. Bf4 Nf6 21. Nbd2 Nh5 22. Be3 Nb4
23. Nb1 Ba6 24. Rc3 Qf5 25. g4 Qxg4 26. Ng5+ hxg5 27. Qxg4 Nd3
28. Rxc8 Rxc8 29. Rf1 Ndf4 30. hxg5 Rc4 31. Nd2 Rb4 32. Bxf4
Rxd4 33. Ne4 Bxf1 34. Kxf1 dxe4 35. Be3 Rxa4 36. Bxe4 1-0

[Event "FIDE Online Olympiad"]
[Site "Chess.com"]
[Date "2020.08.21"]
[EventDate "2020.08.21"]
[Round "3"]
[Result "1-0"]
[White "Samir Sahidi"]
[Black "Elham Abdrlauf"]
[WhiteElo "2380"]
[BlackElo "2255"]
[Source "Chess-Results"]
[PlyCount "80"]

1. d4 Nf6 2. c4 e6 3. Nf3 c5 4. g3 cxd4 5. Nxd4 d5 6. Bg2 e5
7. Nf3 d4 8. O-O Nc6 9. e3 Bc5 10. exd4 exd4 11. Re1+ Be7
12. Bf4 O-O 13. Ne5 Nxe5 14. Bxe5 Bc5 15. Nd2 Ng4 16. Nb3 Bb4
17. Re4 Nxe5 18. Rxe5 d3 19. Rd5 Qf6 20. Qxd3 Qxb2 21. Rb5 Be7
22. Rb1 Qa3 23. Bxb7 Bxb7 24. Rxb7 Bf6 25. Qc2 a5 26. c5 Rac8
27. c6 a4 28. Nd2 Qd6 29. Rc1 Bd4 30. Nf3 Bf6 31. Qxa4 Qd5
32. Qb3 Qe4 33. c7 g6 34. Rb8 Kg7 35. Qb7 Qf5 36. Kg2 h5
37. h4 Rfe8 38. a4 Qd7 39. a5 Kh7 40. a6 Bg7 1-0

[Event "FIDE Online Olympiad"]
[Site "Chess.com"]
[Date "2020.08.21"]
[EventDate "2020.08.21"]
[Round "3"]
[Result "1-0"]
[White "David Anton Guijarro"]
[Black "Murtas Muratovich Kazhgaleyev"]
[WhiteElo "2718"]
[BlackElo "2496"]
[Source "Chess-Results"]
[PlyCount "73"]

1. e4 e6 2. d4 d5 3. Nc3 Bb4 4. e5 c5 5. a3 Ba5 6. b4 cxd4
7. Nb5 Bc7 8. f4 Bd7 9. Nxc7+ Qxc7 10. Nf3 Ba4 11. Bd3 Nc6
12. O-O Nge7 13. b5 Na5 14. Qe1 a6 15. b6 Qxb6 16. Qb4 Bb5
17. a4 Nec6 18. Qb1 Na7 19. axb5 axb5 20. Bb2 N7c6 21. Qe1 O-O
22. Qf2 Nc4 23. Bxd4 Nxd4 24. Qxd4 Qc6 25. f5 exf5 26. Bxf5
Ra4 27. Qf2 Rfa8 28. Rad1 g6 29. Bd3 Ra2 30. Nd4 Qd7 31. Rde1
Re8 32. e6 fxe6 33. Rxe6 Raa8 34. Rf6 Ne3 35. Bxb5 Qg7
36. Bxe8 Nxf1 37. Bf7+ 1-0

[Event "FIDE Online Olympiad"]
[Site "Chess.com"]
[Date "2020.08.21"]
[EventDate "2020.08.21"]
[Round "3"]
[Result "1-0"]
[White "Denis Makhnev"]
[Black "Lance Henderson de La Fuente"]
[WhiteElo "2453"]
[BlackElo "2177"]
[Source "Chess-Results"]
[PlyCount "85"]

1. d4 Nf6 2. c4 e6 3. g3 d5 4. Bg2 Be7 5. Nf3 O-O 6. O-O dxc4
7. Qc2 a6 8. a4 Bd7 9. Qxc4 Bc6 10. Bf4 Bd6 11. Qc1 a5 12. Nc3
Na6 13. Rd1 Nb4 14. Bg5 Be7 15. Bxf6 Bxf6 16. e4 Re8 17. Qf4
Rc8 18. Rac1 Rf8 19. h4 h6 20. Bh3 Bd7 21. Bf1 Be7 22. b3 Bd6
23. e5 Be7 24. d5 exd5 25. Nxd5 Nxd5 26. Rxd5 c6 27. Rdd1 Qe8
28. Bd3 Ba3 29. Ra1 Bb4 30. h5 Rd8 31. Nh4 Qe7 32. Qe4 f5
33. Qf4 Qf7 34. Ng6 Rfe8 35. Bc4 Be6 36. Rd4 Bc3 37. Rxd8 Rxd8
38. Rf1 Bd2 39. Bxe6 Qxe6 40. Rd1 Qd7 41. Qc4+ Kh7 42. e6 b5
43. Qe2 1-0

[Event "FIDE Online Olympiad"]
[Site "Chess.com"]
[Date "2020.08.21"]
[EventDate "2020.08.21"]
[Round "3"]
[Result "1-0"]
[White "Ena Cvitan"]
[Black "Margarita Potapova"]
[WhiteElo "1951"]
[BlackElo "2184"]
[Source "Chess-Results"]
[PlyCount "55"]

1. d4 Nf6 2. c4 e6 3. Nc3 Bb4 4. e3 b6 5. Nge2 c5 6. a3 Ba5
7. Rb1 Na6 8. g3 Bb7 9. d5 b5 10. Bg2 bxc4 11. e4 O-O 12. O-O
exd5 13. exd5 d6 14. Bg5 h6 15. Bxf6 Qxf6 16. Qa4 Bxc3
17. Nxc3 Nc7 18. Rfe1 a5 19. Qxc4 Qd4 20. Qxd4 cxd4 21. Re7
Rfc8 22. Ne4 Kf8 23. Rd7 Ke8 24. Bh3 Bxd5 25. Nxd6+ Kf8
26. Nxc8 Be4 27. Re1 Rxc8 28. Rxe4 1-0

[Event "FIDE Online Olympiad"]
[Site "Chess.com"]
[Date "2020.08.21"]
[EventDate "2020.08.21"]
[Round "1"]
[Result "1-0"]
[White "Daniele Vocaturo"]
[Black "Yasser Quesada Perez"]
[WhiteElo "2584"]
[BlackElo "2438"]
[Source "Chess-Results"]
[PlyCount "75"]

1. e4 e5 2. Nf3 Nf6 3. d4 Nxe4 4. Bd3 d5 5. Nxe5 Bd6 6. Nc3
Nxc3 7. bxc3 O-O 8. O-O c5 9. Qh5 g6 10. Qh6 c4 11. Bg5 Be7
12. Bxe7 Qxe7 13. Rae1 Qd6 14. Nxf7 Rxf7 15. Re8+ Rf8 16. Rfe1
Nc6 17. Bxg6 hxg6 18. Rxf8+ Qxf8 19. Qxg6+ Kh8 20. Re8 Bf5
21. Qh6+ Kg8 22. Qg5+ Kh7 23. Qh5+ Kg7 24. Qg5+ Kh7 25. Rxf8
Rxf8 26. g4 Be4 27. f4 b5 28. f5 Nd8 29. Qh5+ Kg8 30. Qg6+ Kh8
31. Qh6+ Kg8 32. h4 Kf7 33. Qd6 Re8 34. g5 Bxc2 35. h5 Re1+
36. Kf2 Re8 37. h6 Rg8 38. Qd7+ 1-0

[Event "FIDE Online Olympiad"]
[Site "Chess.com"]
[Date "2020.08.21"]
[EventDate "2020.08.21"]
[Round "1"]
[Result "1-0"]
[White "Isan Reynaldo Ortiz Suarez"]
[Black "Danyyil Dvirnyy"]
[WhiteElo "2568"]
[BlackElo "2550"]
[Source "Chess-Results"]
[PlyCount "143"]

1. e4 c5 2. Nf3 Nc6 3. Bb5 g6 4. Bxc6 bxc6 5. d4 Ba6 6. dxc5
Bg7 7. Nbd2 Qa5 8. Rb1 Qxa2 9. b4 Bc4 10. e5 f6 11. Bb2 Ba6
12. Qc1 Qe6 13. Ra1 Bc4 14. Ra3 Nh6 15. Re3 Nf5 16. Re4 Bd5
17. Re2 fxe5 18. O-O d6 19. Ng5 Qf6 20. f4 h6 21. Nge4 Bxe4
22. Nxe4 Qe6 23. cxd6 O-O 24. Nc5 Qc4 25. Re4 Qd5 26. Rd1 Nd4
27. Bxd4 exd4 28. dxe7 Rfe8 29. Rde1 a5 30. Ne6 Rxe7 31. f5
Rae8 32. R4e2 Qd6 33. bxa5 gxf5 34. Nf4 Re4 35. g3 Qb4 36. a6
Qa5 37. Rxe4 fxe4 38. Qd1 d3 39. cxd3 e3 40. Re2 Qxa6 41. Qb3+
Kh7 42. Qf7 Qa1+ 43. Kg2 Qe5 44. Qg6+ Kg8 45. Qxc6 Rd8
46. Qc4+ Kh7 47. Qe4+ Qxe4+ 48. dxe4 Rd2 49. Kf3 Bd4 50. Nd5
Rd3 51. Nxe3 Kg6 52. Kf4 Kf6 53. Ng4+ Kg6 54. Ne5+ Bxe5+
55. Kxe5 Rd1 56. Ke6 Ra1 57. e5 Ra6+ 58. Kd5 Ra5+ 59. Ke4 Ra4+
60. Kf3 Kf7 61. e6+ Ke7 62. Re4 Rxe4 63. Kxe4 Kxe6 64. Kf4 Kf6
65. g4 Ke6 66. h3 Kf6 67. h4 Ke6 68. Ke4 Kf6 69. Kd5 Kf7
70. Ke5 Ke7 71. Kf5 Kf7 72. h5 1-0

[Event "FIDE Online Olympiad"]
[Site "Chess.com"]
[Date "2020.08.21"]
[EventDate "2020.08.21"]
[Round "1"]
[Result "1-0"]
[White "Marina Brunello"]
[Black "Lisandra Teresa Ordaz Valdes"]
[WhiteElo "2316"]
[BlackElo "2290"]
[Source "Chess-Results"]
[PlyCount "123"]

1. e4 e5 2. Nf3 Nc6 3. Bc4 Bc5 4. d3 Nf6 5. O-O O-O 6. a4 a6
7. Bg5 Be7 8. c3 d6 9. h3 Be6 10. Nbd2 Qd7 11. Re1 h6 12. Be3
d5 13. Bb3 dxe4 14. dxe4 Rad8 15. Qc2 Bxb3 16. Nxb3 Qd3
17. Qxd3 Rxd3 18. Bc5 Re8 19. Bxe7 Rxe7 20. Nc5 Rd8 21. b4 Rb8
22. b5 axb5 23. axb5 Nd8 24. Ra7 b6 25. Na6 Rc8 26. Nb4 Nd7
27. Nd5 Re6 28. Nxc7 Rd6 29. Nd5 Kf8 30. Rxd7 Rxd7 31. Nxb6
Rdc7 32. Nxc8 Rxc8 33. Rc1 f6 34. c4 Ne6 35. Nd2 Nc5 36. f3
Kf7 37. Kf1 Ke6 38. Ke2 Ra8 39. Rc2 Ra1 40. Nf1 Nb3 41. Rb2
Nc5 42. Ne3 Ra4 43. b6 Nb7 44. Rb5 Kd6 45. Kd3 Ra3+ 46. Kd2
Kc6 47. Nc2 Ra2 48. Kc3 Ra8 49. Nb4+ Kd6 50. Rd5+ Ke6 51. c5
Rc8 52. c6 Nd8 53. c7 Nb7 54. Nc6 Nd6 55. Na7 Ra8 56. Rxd6+
Kxd6 57. c8=Q Rxc8+ 58. Nxc8+ Kc6 59. Ne7+ Kxb6 60. Nf5 g6
61. Nxh6 Kc6 62. Ng8 1-0

[Event "FIDE Online Olympiad"]
[Site "Chess.com"]
[Date "2020.08.21"]
[EventDate "2020.08.21"]
[Round "1"]
[Result "1-0"]
[White "Luca Moroni Jr"]
[Black "Carlos Daniel Albornoz Cabrera"]
[WhiteElo "2519"]
[BlackElo "2573"]
[Source "Chess-Results"]
[PlyCount "87"]

1. d4 Nf6 2. c4 e6 3. Nf3 d5 4. Nc3 Bb4 5. Qa4+ Nc6 6. Bg5 h6
7. Bxf6 Qxf6 8. e3 O-O 9. Rd1 Bd7 10. Qb3 dxc4 11. Qxc4 Qg6
12. Bd3 Qxg2 13. Ke2 Bxc3 14. Qxc3 Qh3 15. Rhg1 Ne7 16. Qxc7
Bc6 17. Rg3 Bxf3+ 18. Rxf3 Qh4 19. Rg1 Nf5 20. Qe5 g6 21. Bxf5
exf5 22. Qxf5 Rac8 23. Rfg3 Rc6 24. Rh3 Qe7 25. Rxh6 Rfc8
26. d5 Rc2+ 27. Kf3 Qf8 28. Rhxg6+ fxg6 29. Rxg6+ Kh8 30. Rf6
Qg7 31. Qh5+ Qh7 32. Rh6 Rf8+ 33. Kg3 Rc7 34. Rxh7+ Rxh7
35. Qe5+ Rg7+ 36. Kh3 Kh7 37. Qe4+ Rg6 38. Qe7+ Kg8 39. d6 Rf7
40. Qe8+ Kg7 41. d7 Rh6+ 42. Kg2 Rg6+ 43. Kf1 Rgf6 44. Qxf7+
1-0

[Event "FIDE Online Olympiad"]
[Site "Chess.com"]
[Date "2020.08.21"]
[EventDate "2020.08.21"]
[Round "1"]
[Result "1-0"]
[White "Juliana Sayumi Terao"]
[Black "Jennifer Perez Rodriguez"]
[WhiteElo "2212"]
[BlackElo "2150"]
[Source "Chess-Results"]
[PlyCount "57"]

1. e4 e5 2. Nf3 Nc6 3. Bb5 f5 4. Bxc6 dxc6 5. Nc3 Nf6 6. Qe2
Bd6 7. d4 exd4 8. e5 dxc3 9. exf6+ Kf8 10. fxg7+ Kxg7 11. O-O
f4 12. bxc3 Re8 13. Qd3 Qf6 14. Bb2 Bf5 15. Qd1 Rad8 16. Qc1
Kg8 17. c4 Qh6 18. Re1 Qh5 19. Rxe8+ Qxe8 20. c5 Bxc5 21. Qxf4
Bg6 22. Qf6 Qe7 23. Qh8+ Kf7 24. Qg7+ Ke8 25. Re1 Be4
26. Qxe7+ Bxe7 27. Rxe4 Rd1+ 28. Re1 Rd5 29. Bf6 1-0

[Event "FIDE Online Olympiad"]
[Site "Chess.com"]
[Date "2020.08.21"]
[EventDate "2020.08.21"]
[Round "1"]
[Result "1-0"]
[White "Victor Labussiere"]
[Black "Alejandro Benitez Galeano"]
[WhiteElo "1940"]
[BlackElo "1985"]
[Source "Chess-Results"]
[PlyCount "67"]

1. c4 c5 2. Nf3 Nc6 3. d4 cxd4 4. Nxd4 Nf6 5. Nc3 g6 6. e4 d6
7. Be2 Bg7 8. Be3 O-O 9. O-O Nxd4 10. Bxd4 Bd7 11. b4 b6
12. Qd2 Bc6 13. f3 Nd7 14. Bxg7 Kxg7 15. Rac1 a5 16. a3 f5
17. exf5 gxf5 18. Qd4+ Rf6 19. f4 e5 20. Qf2 axb4 21. axb4 Rg6
22. g3 Qe7 23. Bf3 e4 24. Qd4+ Nf6 25. Be2 e3 26. Rce1 Ra3
27. Bf3 Bxf3 28. Rxf3 Kf7 29. Rfxe3 Qd7 30. Nd5 Ne4 31. Rxa3
Qd8 32. Rxe4 fxe4 33. Qxe4 Qd7 34. Re3 1-0

[Event "FIDE Online Olympiad"]
[Site "Chess.com"]
[Date "2020.08.21"]
[EventDate "2020.08.21"]
[Round "1"]
[Result "1-0"]
[White "Wesley So"]
[Black "Dimitrios Mastrovasilis"]
[WhiteElo "2741"]
[BlackElo "2534"]
[Source "Chess-Results"]
[PlyCount "45"]

1. e4 c5 2. Nf3 e6 3. g3 Nc6 4. Bg2 Nf6 5. Qe2 d5 6. exd5 Nxd5
7. O-O Be7 8. Rd1 Bf6 9. Nc3 O-O 10. Ne4 b6 11. Nxf6+ Qxf6
12. c4 Nc7 13. d4 cxd4 14. Bf4 Qd8 15. Nxd4 Nxd4 16. Qe5 f6
17. Qxc7 e5 18. Qxd8 Rxd8 19. Bxa8 exf4 20. Bd5+ Rxd5 21. cxd5
Ne2+ 22. Kf1 f3 23. d6 1-0

[Event "FIDE Online Olympiad"]
[Site "Chess.com"]
[Date "2020.08.21"]
[EventDate "2020.08.21"]
[Round "1"]
[Result "1-0"]
[White "Carissa Shiwen Yip"]
[Black "Stavroula Tsolakidou"]
[WhiteElo "2421"]
[BlackElo "2302"]
[Source "Chess-Results"]
[PlyCount "131"]

1. e4 c5 2. Nf3 d6 3. d4 cxd4 4. Qxd4 Nf6 5. Nc3 a6 6. Bg5 Nc6
7. Qd2 e6 8. O-O-O Be7 9. Bf4 Ng4 10. h3 Nge5 11. Nd4 Qc7
12. Nxc6 Qxc6 13. Bg5 f6 14. Be3 b5 15. Qd4 Bb7 16. f4 Nd7
17. Be2 Nc5 18. Bh5+ g6 19. Bf3 Qc7 20. f5 O-O 21. fxe6 Nxe6
22. Nd5 Nxd4 23. Nxc7 Nxf3 24. Nxa8 Ne5 25. Nc7 Bxe4 26. Rhg1
Rc8 27. Bb6 Nc4 28. Rge1 f5 29. Nd5 Bg5+ 30. Kb1 Nxb6 31. Rxe4
fxe4 32. Nxb6 Re8 33. Nd5 e3 34. Re1 Re5 35. Nc3 Bh4 36. Re2
d5 37. Nd1 Bg5 38. c3 d4 39. cxd4 Re4 40. Kc2 Rxd4 41. Nxe3
Ra4 42. a3 Re4 43. Kd3 Re7 44. Nd5 Rd7 45. Ke4 Kg7 46. Rc2 Bd8
47. Ke5 Rf7 48. Rc8 Bh4 49. Rc2 Bg3+ 50. Ke4 a5 51. Rc3 Bd6
52. Rc6 Bg3 53. Rc5 Rf2 54. Rxb5 Rxg2 55. Kf3 Rg1 56. Rxa5 Bh4
57. Ra7+ Kh6 58. Nf4 Rg3+ 59. Ke4 Rb3 60. Nd3 Bf6 61. Ra4 Rb7
62. b4 Re7+ 63. Kf3 Bd4 64. Nf4 g5 65. Ra6+ Kg7 66. Ne6+ 1-0

[Event "FIDE Online Olympiad"]
[Site "Chess.com"]
[Date "2020.08.21"]
[EventDate "2020.08.21"]
[Round "1"]
[Result "1-0"]
[White "Jeffery Xiong"]
[Black "Nikolas Theodorou"]
[WhiteElo "2730"]
[BlackElo "2559"]
[Source "Chess-Results"]
[PlyCount "115"]

1. d4 Nf6 2. Nf3 g6 3. Nc3 d5 4. Bf4 Bg7 5. Nb5 Na6 6. e3 O-O
7. h3 Ne4 8. c3 c6 9. Na3 Nb8 10. Be2 b6 11. O-O Bb7 12. c4 e6
13. Rc1 Nd7 14. Nb1 c5 15. cxd5 Bxd5 16. Nc3 Nxc3 17. bxc3
cxd4 18. cxd4 Bxa2 19. Bd6 Re8 20. Qa4 Bd5 21. Bc7 Qe7 22. Bb5
a6 23. Bxd7 b5 24. Bxb5 axb5 25. Qxb5 Rec8 26. Bg3 Qb7
27. Qxb7 Bxb7 28. Ne5 Rxc1 29. Rxc1 Rc8 30. Ra1 Ra8 31. Rb1
Bd5 32. Rc1 f6 33. Nd7 Ra7 34. Nb6 Kf7 35. e4 Bb3 36. d5 exd5
37. exd5 Bf8 38. d6 Be6 39. Rc7+ Rxc7 40. dxc7 Bc5 41. c8=Q
Bxc8 42. Nxc8 Ke6 43. Bc7 Kd7 44. Bb6 Bxf2+ 45. Kxf2 Kxc8
46. Bd4 f5 47. Ke3 Kd7 48. Kf4 Ke6 49. h4 Kd5 50. Bg7 Kc4
51. Kg5 Kd3 52. Kh6 Ke3 53. Kxh7 Kf2 54. Kxg6 f4 55. Be5 Kg3
56. h5 Kh4 57. h6 f3 58. gxf3 1-0

[Event "FIDE Online Olympiad"]
[Site "Chess.com"]
[Date "2020.08.21"]
[EventDate "2020.08.21"]
[Round "1"]
[Result "1-0"]
[White "Maili-Jade Ouellet"]
[Black "Anapaola S Borda Rodas"]
[WhiteElo "2113"]
[BlackElo "1994"]
[Source "Chess-Results"]
[PlyCount "49"]

1. d4 Nf6 2. c4 g6 3. Nc3 d5 4. cxd5 Nxd5 5. e4 Nxc3 6. bxc3
Bg7 7. Nf3 c5 8. Rb1 O-O 9. Be2 Nc6 10. d5 Ne5 11. Nxe5 Bxe5
12. Qd2 e6 13. f4 Bc7 14. O-O exd5 15. exd5 Ba5 16. f5 Bxf5
17. Rxb7 Qd6 18. Bc4 Rfb8 19. Rb3 Bc7 20. Qh6 Qf8 21. g4 Rxb3
22. axb3 Qxh6 23. Bxh6 Bxg4 24. d6 Bxd6 25. Rxf7 1-0

[Event "FIDE Online Olympiad"]
[Site "Chess.com"]
[Date "2020.08.21"]
[EventDate "2020.08.21"]
[Round "1"]
[Result "1-0"]
[White "Szymon Gumularz"]
[Black "Ivan Excender Soriano Quispe"]
[WhiteElo "2277"]
[BlackElo "2028"]
[Source "Chess-Results"]
[PlyCount "135"]

1. d4 d5 2. Bf4 Nf6 3. e3 e6 4. Nd2 Bd6 5. Bg3 O-O 6. Ngf3 c5
7. c3 Nc6 8. Bd3 b6 9. Qe2 Bb7 10. Rd1 Be7 11. O-O Nh5 12. Ne5
Nxg3 13. hxg3 Nxe5 14. dxe5 f5 15. exf6 Bxf6 16. e4 Qc7 17. f4
g6 18. Nf3 Rae8 19. e5 Bd8 20. Qe3 Rf7 21. g4 Ref8 22. g3 Qc6
23. g5 Be7 24. Qe2 d4 25. cxd4 cxd4 26. Rc1 Qd5 27. Bc4 Qd7
28. Bb5 Qd5 29. Bc4 Qd7 30. Rcd1 Bc5 31. Bd3 Qd5 32. a3 a5
33. Kh2 Rc8 34. Nd2 Qd8 35. Be4 d3 36. Bxd3 Qd4 37. Ne4 Bxe4
38. Bxe4 Qe3 39. Qxe3 Bxe3 40. Rfe1 Bc5 41. Kg2 Kg7 42. Rd2
Rfc7 43. Red1 Be7 44. Kf3 Rc4 45. Rd7 R8c7 46. Bb1 Kf7
47. Rxc7 Rxc7 48. Rh1 Kg7 49. Ba2 Rc6 50. Rd1 Kf7 51. Rd2 Rc7
52. g4 Rc1 53. Rh2 Rf1+ 54. Ke4 Re1+ 55. Kd3 Rd1+ 56. Ke2 Rg1
57. Rxh7+ Ke8 58. Bxe6 Rg2+ 59. Kf3 Rxb2 60. Bf7+ Kf8 61. Bxg6
Bxa3 62. e6 a4 63. f5 Rb3+ 64. Ke2 Rb2+ 65. Kd3 Rb3+ 66. Kc2
Re3 67. f6 Kg8 68. e7 1-0

[Event "FIDE Online Olympiad"]
[Site "Chess.com"]
[Date "2020.08.21"]
[EventDate "2020.08.21"]
[Round "2"]
[Result "1-0"]
[White "Jorge Cori"]
[Black "Isan Reynaldo Ortiz Suarez"]
[WhiteElo "2599"]
[BlackElo "2568"]
[Source "Chess-Results"]
[PlyCount "75"]

1. d4 d5 2. c4 c6 3. Nf3 Nf6 4. e3 Bf5 5. Nc3 e6 6. Nh4 Be4
7. f3 Bg6 8. Nxg6 hxg6 9. g3 Nbd7 10. Bd3 dxc4 11. Bxc4 b5
12. Bb3 a6 13. O-O Be7 14. e4 O-O 15. Be3 Qb6 16. Qe2 Rfd8
17. Kg2 Qb7 18. Rad1 Rac8 19. h4 Re8 20. Qf2 c5 21. d5 exd5
22. Bxd5 Qc7 23. Bf4 Ne5 24. Bxe5 Qxe5 25. f4 Qb8 26. e5 Nxd5
27. Nxd5 Rcd8 28. Qf3 Qc8 29. h5 Bf8 30. hxg6 fxg6 31. Rf2 c4
32. Rfd2 Qa8 33. a3 a5 34. Qe4 Kf7 35. f5 gxf5 36. Qxf5+ Kg8
37. e6 Qb7 38. Rh1 1-0

[Event "FIDE Online Olympiad"]
[Site "Chess.com"]
[Date "2020.08.21"]
[EventDate "2020.08.21"]
[Round "2"]
[Result "1-0"]
[White "Ann Chumpitaz"]
[Black "Yerisbel Miranda Llanes"]
[WhiteElo "2204"]
[BlackElo "2262"]
[Source "Chess-Results"]
[PlyCount "39"]

1. e4 e5 2. Nf3 Nc6 3. Bc4 Bc5 4. d4 Bxd4 5. Nxd4 Nxd4 6. Be3
Nc6 7. Nc3 Nge7 8. Qf3 O-O 9. O-O-O d6 10. h4 Qd7 11. h5 Na5
12. Bd3 a6 13. Rh4 f5 14. exf5 d5 15. Bg5 Nxf5 16. Nxd5 Nxh4
17. Bxh7+ Kxh7 18. Qxf8 Qf5 19. Nf6+ gxf6 20. Qf7+ 1-0

[Event "FIDE Online Olympiad"]
[Site "Chess.com"]
[Date "2020.08.21"]
[EventDate "2020.08.21"]
[Round "2"]
[Result "1-0"]
[White "Heidy Nicole Garcia Andrada"]
[Black "Ineymig Hernandez Gil"]
[WhiteElo "1671"]
[BlackElo "2348"]
[Source "Chess-Results"]
[PlyCount "65"]

1. e4 c6 2. d4 d5 3. exd5 cxd5 4. Bd3 Nc6 5. c3 Nf6 6. h3 e5
7. dxe5 Nxe5 8. Be2 Bc5 9. Nf3 Nxf3+ 10. Bxf3 O-O 11. O-O h6
12. Nd2 Be6 13. Nb3 Bd6 14. Be3 Qd7 15. Bc5 Rfe8 16. Bxd6 Qxd6
17. Qd3 Rac8 18. Rad1 Qf4 19. Qd4 Ne4 20. Nd2 Bf5 21. g3 Qg5
22. h4 Qg6 23. Bg2 b6 24. Nf3 Rcd8 25. Rfe1 Qd6 26. Nd2 Qe7
27. f3 Qc7 28. fxe4 dxe4 29. Qf2 Bg4 30. Rc1 f5 31. Nf1 Rd3
32. Ne3 Red8 33. Rc2 1-0

[Event "FIDE Online Olympiad"]
[Site "Chess.com"]
[Date "2020.08.21"]
[EventDate "2020.08.21"]
[Round "2"]
[Result "1-0"]
[White "Alicja Sliwicka"]
[Black "Maili-Jade Ouellet"]
[WhiteElo "2059"]
[BlackElo "2113"]
[Source "Chess-Results"]
[PlyCount "103"]

1. e4 c5 2. Nf3 d6 3. d4 cxd4 4. Nxd4 Nf6 5. f3 e5 6. Nb3 Be6
7. c4 Nbd7 8. Nc3 a6 9. Be3 Rc8 10. Nd5 g6 11. Be2 Bg7 12. Qd2
Nc5 13. Nxc5 dxc5 14. O-O O-O 15. Rfd1 Bxd5 16. cxd5 Qd6
17. Rac1 Nd7 18. Rc2 Rc7 19. Rdc1 Rfc8 20. Qa5 Bf8 21. a4 Nb8
22. Bf1 b6 23. Qd2 a5 24. g3 Ra7 25. Bh3 Re8 26. f4 Bg7 27. f5
Nd7 28. Rf1 Nf6 29. Qg2 Rc7 30. b3 Rf8 31. g4 Rb8 32. g5 Ne8
33. Qf2 Kh8 34. Bg4 Qd8 35. f6 Bf8 36. Qg3 Qd6 37. Bc1 b5
38. Bb2 bxa4 39. Bxe5 Qd8 40. Bxc7 Nxc7 41. bxa4 Rb4 42. Bf3
Rxa4 43. Rd1 Nb5 44. e5 Nd4 45. Rc3 Ra2 46. Rb1 Rd2 47. e6 Bd6
48. e7 Bxe7 49. Rb8 Nxf3+ 50. Rxf3 Rd1+ 51. Rf1 Rxd5 52. fxe7
1-0